000 00538nam a2200181Ia 4500
008 100917s9999 xx 000 0 und d
082 _b53568
100 _aमाडखोलकर गजानन त्र्यंबक
245 _aवाङमय विलास
260 _bडि. अेन. मोघे
_c1937
300 _a169
365 _b2
520 _aनिबंध
630 _aवाङमय विलास
650 _aनिबंध
730 _aवाङमय विलास
942 _cBOOK
999 _c658962
_d658959